[Event "IECC M email"]
[Site "IECC email"]
[Date "2000.03.17"]
[Round "?"]
[White "Shutov, Andry"]
[Black "Silva, Mauro"]
[Result "1-0"]
[WhiteElo "1161"]
[BlackElo "1100"]
[PlyCount "41"]
[EventDate "2000.??.??"]
[EventType "tourn (corr)"]
[EventRounds "2"]
[SourceTitle "Corr 2008"]
[Source "ChessBase"]
[SourceDate "2008.06.24"]
[SourceVersion "1"]
[SourceVersionDate "2008.06.24"]
[SourceQuality "1"]

1. e4 e5 2. f4 Bc5 3. Nc3 d6 4. Nf3 Nc6 5. Bb5 a6 6. Bxc6+ bxc6 7. d3 Bg4 8. h3 Bxf3 9. Qxf3 Qf6 10. fxe5 Qxf3 11. gxf3 Ne7 12. exd6 cxd6 13. Ne2 0-0 14. d4 Bb6 15. Bf4 Rfd8 16. c4 f6 17. 0-0-0 c5 18. dxc5 Bxc5 19. b3 g5 20. Bd2 Nc6 21. Nc3 1-0